000 00640nam a22002537i 4500
003 URS
005 20230817141457.0
008 181206s1999 ph ||||| |||| 00| 0 eng d
020 _a9712327337
040 _cURS
050 1 4 _aL15
_b.F37 1999
100 1 _aFernando
245 _aNew perspectives in english two
264 1 _aManila
_bRex Book Store
_c1999.
300 _avi, 112 p.
_bcol. ill.; 21 cm.
336 _atext
_btxt
_2rdacontent
337 _aunmediated
_bn
_2rdamedia
338 _avolume
_bnc
_2rdacarrier
650 _aEnglish
650 _aCommunication Arts
700 _aHabana
700 _aCinco
942 _cR
_2lcc
999 _c72647
_d72646